<?xml version="1.0" encoding="UTF-8"?>
<record
    xmlns:xsi="http://www.w3.org/2001/XMLSchema-instance"
    xsi:schemaLocation="http://www.loc.gov/MARC21/slim http://www.loc.gov/standards/marcxml/schema/MARC21slim.xsd"
    xmlns="http://www.loc.gov/MARC21/slim">

  <leader>02669nam a22002417a 4500</leader>
  <controlfield tag="005">20251013145152.0</controlfield>
  <controlfield tag="008">251013b        |||||||| |||| 00| 0 eng d</controlfield>
  <datafield tag="020" ind1=" " ind2=" ">
    <subfield code="a">9788126554232</subfield>
  </datafield>
  <datafield tag="040" ind1=" " ind2=" ">
    <subfield code="c">AL</subfield>
  </datafield>
  <datafield tag="041" ind1=" " ind2=" ">
    <subfield code="a">English</subfield>
  </datafield>
  <datafield tag="082" ind1=" " ind2=" ">
    <subfield code="a">510.02462</subfield>
    <subfield code="b">KREA</subfield>
  </datafield>
  <datafield tag="100" ind1=" " ind2=" ">
    <subfield code="a">Erwin Kreyszig</subfield>
    <subfield code="9">242130</subfield>
  </datafield>
  <datafield tag="245" ind1=" " ind2=" ">
    <subfield code="a">Advanced Engineering Mathematics</subfield>
    <subfield code="b">: International student version</subfield>
  </datafield>
  <datafield tag="250" ind1=" " ind2=" ">
    <subfield code="a">10</subfield>
  </datafield>
  <datafield tag="260" ind1=" " ind2=" ">
    <subfield code="a">New Delhi</subfield>
    <subfield code="b">Wiley India pvt Ltd</subfield>
    <subfield code="c">2024</subfield>
  </datafield>
  <datafield tag="300" ind1=" " ind2=" ">
    <subfield code="a">xv,1001 p.</subfield>
    <subfield code="b">PB</subfield>
    <subfield code="c">25x21 cm.</subfield>
  </datafield>
  <datafield tag="365" ind1=" " ind2=" ">
    <subfield code="a">ABDI/0818/25</subfield>
    <subfield code="b">&#x20B9;899.25</subfield>
    <subfield code="c">&#x20B9;</subfield>
    <subfield code="d">&#x20B9;1199.00</subfield>
    <subfield code="e">25%</subfield>
    <subfield code="f">03-10-2025</subfield>
  </datafield>
  <datafield tag="520" ind1=" " ind2=" ">
    <subfield code="a">The tenth edition of this bestselling text includes examples in more detail and more applied exercises; both changes are aimed at making the material more relevant and accessible to readers. Kreyszig introduces engineers and computer scientists to advanced math topics as they relate to practical problems. It goes into the following topics at great depth differential equations, partial differential equations, Fourier analysis, vector analysis, complex analysis and linear algebra / differential equations.

</subfield>
    <subfield code="b">Contents

Part A Ordinary Differential Equations (ODEs)
Chapter 1 First-Order ODEs
Chapter 2 Second-Order Linear ODEs
Chapter 3 Higher Order Linear ODEs
Chapter 4 Systems of ODEs. Phase Plane. Qualitative Methods
Chapter 5 Series Solutions of ODEs. Special Functions
Chapter 6 Laplace Transforms

Part B Linear Algebra. Vector Calculus
Chapter 7 Linear Algebra: Matrices, Vectors, Determinants. Linear Systems
Chapter 8 Linear Algebra: Matrix Eigenvalue Problems
Chapter 9 Vector Differential Calculus. Grad, Div, Curl
Chapter 10 Vector Integral Calculus. Integral Theorems

Part C Fourier Analysis. Partial Differential Equations (PDEs)
Chapter 11 Fourier Analysis
Chapter 12 Partial Differential Equations (PDEs)
Part D Complex Analysis
Chapter 13 Complex Numbers and Functions. Complex Differentiation
Chapter 14 Complex Integration
Chapter 15 Power Series, Taylor Series
Chapter 16 Laurent Series. Residue Integration
Chapter 17 Conformal Mapping
Chapter 18 Complex Analysis and Potential Theory

Part E Numeric Analysis
Chapter 19 Numerics in General
Chapter 20 Numeric Linear Algebra
Chapter 21 Numerics for ODEs and PDEs

Part F Optimization, Graphs
Chapter 22 Unconstrained Optimization. Linear Programming
Chapter 23 Graphs. Combinatorial Optimization

Appendix 1 References
Appendix 2 Answers to Selected Problems
Appendix 3 Auxiliary Material
Appendix 4 Additional Proofs
Appendix 5 Tables</subfield>
  </datafield>
  <datafield tag="650" ind1=" " ind2=" ">
    <subfield code="a">Engineering</subfield>
    <subfield code="9">242131</subfield>
  </datafield>
  <datafield tag="700" ind1=" " ind2=" ">
    <subfield code="a">Herbert,Kreyszig</subfield>
    <subfield code="9">242132</subfield>
  </datafield>
  <datafield tag="700" ind1=" " ind2=" ">
    <subfield code="a">Edward, J norminton</subfield>
    <subfield code="9">242133</subfield>
  </datafield>
  <datafield tag="942" ind1=" " ind2=" ">
    <subfield code="2">ddc</subfield>
    <subfield code="c">BK</subfield>
  </datafield>
  <datafield tag="999" ind1=" " ind2=" ">
    <subfield code="c">240538</subfield>
    <subfield code="d">240538</subfield>
  </datafield>
  <datafield tag="952" ind1=" " ind2=" ">
    <subfield code="0">0</subfield>
    <subfield code="1">0</subfield>
    <subfield code="2">ddc</subfield>
    <subfield code="4">0</subfield>
    <subfield code="7">0</subfield>
    <subfield code="8">ISE</subfield>
    <subfield code="a">SE</subfield>
    <subfield code="b">SE</subfield>
    <subfield code="d">2025-10-13</subfield>
    <subfield code="e">Academic Book Distributors </subfield>
    <subfield code="g">899.25</subfield>
    <subfield code="l">0</subfield>
    <subfield code="o">510.02462 KREA</subfield>
    <subfield code="p">SE000006</subfield>
    <subfield code="r">2025-10-13 14:54:44</subfield>
    <subfield code="v">1199.00</subfield>
    <subfield code="w">2025-10-03</subfield>
    <subfield code="y">BK</subfield>
  </datafield>
  <datafield tag="952" ind1=" " ind2=" ">
    <subfield code="0">0</subfield>
    <subfield code="1">0</subfield>
    <subfield code="2">ddc</subfield>
    <subfield code="4">0</subfield>
    <subfield code="7">0</subfield>
    <subfield code="8">ISE</subfield>
    <subfield code="a">SE</subfield>
    <subfield code="b">SE</subfield>
    <subfield code="d">2025-10-13</subfield>
    <subfield code="e">Academic Book Distributors </subfield>
    <subfield code="g">899.25</subfield>
    <subfield code="l">0</subfield>
    <subfield code="o">510.02462 KREA</subfield>
    <subfield code="p">SE000007</subfield>
    <subfield code="r">2025-10-13 14:54:44</subfield>
    <subfield code="v">1199.00</subfield>
    <subfield code="w">2025-10-03</subfield>
    <subfield code="y">BK</subfield>
  </datafield>
  <datafield tag="952" ind1=" " ind2=" ">
    <subfield code="0">0</subfield>
    <subfield code="1">0</subfield>
    <subfield code="2">ddc</subfield>
    <subfield code="4">0</subfield>
    <subfield code="7">0</subfield>
    <subfield code="8">CSE</subfield>
    <subfield code="a">SE</subfield>
    <subfield code="b">SE</subfield>
    <subfield code="d">2025-10-13</subfield>
    <subfield code="e">Academic Book Distributors </subfield>
    <subfield code="g">899.25</subfield>
    <subfield code="l">0</subfield>
    <subfield code="o">510.02462 KREA</subfield>
    <subfield code="p">SE000008</subfield>
    <subfield code="r">2025-10-13 14:54:44</subfield>
    <subfield code="v">1199.00</subfield>
    <subfield code="w">2025-10-03</subfield>
    <subfield code="y">BK</subfield>
  </datafield>
  <datafield tag="952" ind1=" " ind2=" ">
    <subfield code="0">0</subfield>
    <subfield code="1">0</subfield>
    <subfield code="2">ddc</subfield>
    <subfield code="4">0</subfield>
    <subfield code="7">0</subfield>
    <subfield code="8">ISE</subfield>
    <subfield code="a">SE</subfield>
    <subfield code="b">SE</subfield>
    <subfield code="d">2025-10-13</subfield>
    <subfield code="e">Academic Book Distributors </subfield>
    <subfield code="g">899.25</subfield>
    <subfield code="l">0</subfield>
    <subfield code="o">510.02462 KREA</subfield>
    <subfield code="p">SE000009</subfield>
    <subfield code="r">2025-10-13 14:54:44</subfield>
    <subfield code="v">1199.00</subfield>
    <subfield code="w">2025-10-03</subfield>
    <subfield code="y">BK</subfield>
  </datafield>
  <datafield tag="952" ind1=" " ind2=" ">
    <subfield code="0">0</subfield>
    <subfield code="1">0</subfield>
    <subfield code="2">ddc</subfield>
    <subfield code="4">0</subfield>
    <subfield code="7">0</subfield>
    <subfield code="8">ISE</subfield>
    <subfield code="a">SE</subfield>
    <subfield code="b">SE</subfield>
    <subfield code="d">2025-10-13</subfield>
    <subfield code="e">Academic Book Distributors </subfield>
    <subfield code="g">899.25</subfield>
    <subfield code="l">0</subfield>
    <subfield code="o">510.02462 KREA</subfield>
    <subfield code="p">SE000010</subfield>
    <subfield code="r">2025-10-13 14:54:44</subfield>
    <subfield code="v">1199.00</subfield>
    <subfield code="w">2025-10-03</subfield>
    <subfield code="y">BK</subfield>
  </datafield>
</record>
